| 000 | 00796cab a2200253 4500 | ||
|---|---|---|---|
| 001 | ABS46806 | ||
| 008 | 090401t1992 xxu||||| |||| 00| 0 eng d | ||
| 035 | _a(Sirsi) u59534 | ||
| 041 | _aeng | ||
| 100 | _aTaussik, J. | ||
| 245 | _aPre-application enquiries | ||
| 260 | _c1992 | ||
| 350 | _a0 | ||
| 490 |
_aThe Planner _v78(13) 3 July 1992, 14-15(2) |
||
| 520 | _aDiscusses the implications for local planning authorities of holding consultations with applicants before the proposal is formally submitted. References. | ||
| 650 | _aLOCAL AUTHORITIES | ||
| 650 | _aPLANNING APPLICATIONS | ||
| 650 | _aPLANNING POLICY GUIDANCE NOTE 1 | ||
| 650 | _aPPG1 | ||
| 650 | _aPRE-PLANNING APPLICATION INQUIRIES | ||
| 690 | _aPLANNING LAW AND PRACTICE | ||
| 942 | _n0 | ||
| 948 | _c04/03/1997 | ||
| 999 |
_c36532 _d36532 |
||